00611nam a2200193Ia 4500008004100000020000700041082001600048100002400064245001300088250000800101260003600109300002900145500001900174600002100193650005000214942000700264952012900271999001700400240925s9999 xx 000 0 und d aNA a005.133 KAN aKanetkar, Yashavant 0aLet Us C a9th aNew Delhi:bBPB PublicationcNA axvi,352p.bNAfPhotocopy aIncludes Index aComputer Science aComputer science, information & general works cBK 001040708CSaUITUbUITUd2012-04-25eFair Book Centerg225.00l0o005.133 KANpQ9240r2024-09-25 07:15:15w2024-09-25yBK c11739d11739